Factors affecting the distribution of the rate of carbon uptake by forests in South Korea /
Đã lưu trong:
| Tác giả chính: | |
|---|---|
| Tác giả khác: | |
| Định dạng: | Bài viết |
| Ngôn ngữ: | English |
| Những chủ đề: | |
| Các nhãn: |
Thêm thẻ
Không có thẻ, Là người đầu tiên thẻ bản ghi này!
|
| Thư viện lưu trữ: | Thư viện Trường Đại học Đà Lạt |
|---|
| LEADER | 00968nam a2200325 4500 | ||
|---|---|---|---|
| 001 | DLU090094345 | ||
| 005 | ##20091201 | ||
| 040 | # | # | |a DLU |b eng |
| 041 | # | # | |a eng |
| 044 | # | # | |a us |
| 100 | # | # | |a Choi, Sung-Deuk. |
| 245 | # | # | |a Factors affecting the distribution of the rate of carbon uptake by forests in South Korea / |c Sung-Deuk Choi, Yoon-Seok Chang. |
| 653 | # | # | |a Afforestation |
| 653 | # | # | |a Biogeochemical cycle |
| 653 | # | # | |a Biomass |
| 653 | # | # | |a Carbon cycle |
| 653 | # | # | |a Forest management |
| 653 | # | # | |a Forests |
| 653 | # | # | |a South Korea |
| 700 | # | # | |a Chang, Yoon-Seok. |
| 773 | # | # | |t Environmental Science & Technology |g Vol. 38, no. 2 (January 2004), p. 484-488 |
| 920 | # | # | |a Phòng Tạp chí -- Trung tâm Thông tin - Thư viện Trường Đại học Đà Lạt |
| 994 | # | # | |a DLU |
| 900 | # | # | |a True |
| 911 | # | # | |a Trương Bảo Trâm Anh |
| 925 | # | # | |a G |
| 926 | # | # | |a A |
| 927 | # | # | |a BB |
| 980 | # | # | |a Thư viện Trường Đại học Đà Lạt |